01506 2200289 4500001002100000005001500021035002000036008004100056020001800097041000800115082001100123084001700134100002000151245007700171250001600248260004600264300002600310504001200336520068500348650002701033990002601060990002601086990002601112990002601138990002601164990002601190INLIS00000000000583820221027012331 a0010-0520005838221027 | | ind  a979-421-987-x aind a340.59 a340.59 CIK p0 aCik Hasan Bisri1 aPilar-Pilar Penelitian Hukum Islam dan Pranata Sosial /cCik Hasan Bisri aEd.1, Cet.1 aJakarta :bPT RajaGrafindo Persada,c2004 axxii, 364 p. ;c21 cm ai.judul aBuku ini memuat formula baru bagi penelitian Hukum Islam dan Pranata Sosial dan cukup komprehensif. Diharapkan dapat menunjang kegiatan penelitian HIPS dalam lingkungan perguruan tinggi agama Islam dan perguruan tinggi lainnya, baik yang diarahkan untuk mengembangkan ilmu dan sumber daya manusia maupun untuk menata dan mengembangkan masyarakat. Isi buku ini mnecakup 3 pilar penelitian, yakni: 1.unsur substansi yang dirumuskan secara spesifik dalam uraian tentang wilayah penelitian, 2.unsur informasi yang dirumuskan secara spesifik dalam uraian tentang kerangka berpikir, dan 3.unsur metodologi yang dirumuskan secara spesifik dalam uraian tentang adaptasi metode penelitian. 4ahukum Islam penelitian a03008/MKRI-P/III-2006 a03009/MKRI-P/III-2006 a03009/MKRI-P/III-2006 a03008/MKRI-P/III-2006 a03008/MKRI-P/III-2006 a03009/MKRI-P/III-2006